Statistics for Taylor Swift - Ours Lyrics

Click here to take the quiz!

General Stats

  • This quiz has been taken 75 times
    (71 since last reset)
  • The average score is 248 of 297

Answer Stats

Answer% Correct
but
98%
But
98%
I
98%
is
98%
ours
98%
love
96%
And
94%
and
94%
me
94%
at
92%
buttons
92%
take
92%
that
92%
the
92%
The
92%
this
92%
You
92%
you
92%
your
92%
do
90%
Elevator
90%
it
90%
people
90%
People
90%
rocks
90%
shine
90%
So
90%
things
90%
throw
90%
makes
88%
my
88%
stairs
88%
what
88%
where
88%
who
88%
about
85%
air
85%
Don't
85%
don't
85%
hard
85%
he
85%
If
85%
little
85%
mind
85%
morning
85%
pretty
85%
their
85%
they
85%
They
85%
to
85%
wanna
85%
worry
85%
you're
85%
can't
83%
know
83%
life
83%
look
83%
now
83%
were
83%
what's
83%
whats
83%
be
81%
high
81%
like
81%
not
81%
right
81%
stares
81%
time
81%
water's
81%
waters
81%
are
79%
choice
79%
heart
79%
here
79%
it's
79%
out
79%
rough
79%
from
77%
laugh
77%
mine
77%
theirs
77%
we'd
77%
'Cause
75%
'cause
75%
else
75%
jury's
75%
nothing
75%
silence
75%
stakes
75%
Strangers
75%
there's
75%
will
75%
you'll
75%
yours
75%
always
73%
disapproves
73%
have
73%
in
73%
never
73%
riddles
73%
say
73%
someone
73%
speak
73%
They'll
73%
between
71%
father
71%
ignored
71%
judge
71%
sleeves
71%
tattoos
71%
teeth
71%
up
71%
vacant
71%
with
71%
wrong
71%
care
69%
gap
69%
Seems
69%
speculate
69%
any
67%
belong
67%
jump
67%
past
67%
comes
65%
for
65%
verdict
65%
Ghosts
63%
gonna
63%
hands
63%
remarks
63%
those
63%
lip
60%
smiles
60%
song
60%
gloss
58%
i'll
58%
shadows
54%
snide
54%
Lurking
52%
tough
52%
doubt
48%
give
48%
faith
46%
fight
44%

Score Distribution

Percentile by Number Answered

Percent of People with Each Score

Your Score History

You have not taken this quiz since the last reset